000
00274nam a2200109Ia 4500
008
200302s9999 xx 000 0 und d
100
_a
M. G. Shah & Others
245
_a
Building Drawing 2nd ed.
260
_b
Tata Mcgraw-Hill Publishing Co.
260
_c
1987
300
_a
203 P.,
999
_c
737
_d
737